|
|
|
|
| LEADER |
02027nam a2200421 4500 |
| 001 |
ocn758684890 |
| 003 |
OCoLC |
| 005 |
20180501121946.0 |
| 006 |
m o d |
| 007 |
cr mn||||||||| |
| 008 |
111026s1981 nyua ob 001 0 eng d |
| 040 |
|
|
|a COF
|b eng
|e pn
|c COF
|d OPELS
|d OCLCQ
|d OPELS
|d OCLCF
|d KUK
|d VVL
|d OCLCQ
|d GrThAP
|
| 020 |
|
|
|a 0121819736
|q (electronic bk.)
|
| 020 |
|
|
|a 9780121819736
|q (electronic bk.)
|
| 035 |
|
|
|a (OCoLC)758684890
|
| 050 |
|
4 |
|a QP601
|
| 082 |
0 |
4 |
|a 574.19
|
| 049 |
|
|
|a TEFA
|
| 245 |
0 |
0 |
|a Immunochemical techniques.
|n Volume 73,
|p Part B /
|c edited by John J. Langone, Helen Van Vunakis.
|
| 260 |
|
|
|a New York :
|b Academic Press,
|c 1981.
|
| 300 |
|
|
|a 1 online resource (xxii, 739 pages) :
|b illustrations.
|
| 336 |
|
|
|a text
|b txt
|2 rdacontent
|
| 337 |
|
|
|a computer
|b c
|2 rdamedia
|
| 338 |
|
|
|a online resource
|b cr
|2 rdacarrier
|
| 490 |
1 |
|
|a Methods in enzymology ;
|v v. 73
|
| 504 |
|
|
|a Includes bibliographical references and index.
|
| 588 |
0 |
|
|a Print version record.
|
| 520 |
|
|
|a The critically acclaimed laboratory standard, Methods in Enzymology, is one of the most highly respected publications in the field of biochemistry. Since 1955, each volume has been eagerly awaited, frequently consulted, and praised by researchers and reviewers alike. The series contains much material still relevant today - truly an essential publication for researchers in all fields of life sciences.
|
| 650 |
|
0 |
|a Immunochemistry
|x Technique.
|
| 650 |
|
0 |
|a Immunoassay.
|
| 650 |
|
7 |
|a Immunoassay.
|2 fast
|0 (OCoLC)fst00967921
|
| 650 |
|
7 |
|a Immunochemistry
|x Technique.
|2 fast
|0 (OCoLC)fst00967930
|
| 655 |
|
4 |
|a Electronic books.
|
| 700 |
1 |
|
|a Langone, John J.
|q (John Joseph),
|d 1944-
|
| 700 |
1 |
|
|a Van Vunakis, Helen,
|d 1924-
|
| 776 |
0 |
8 |
|i Print version:
|t Immunochemical techniques : part B.
|d New York : Academic Press, 1981
|z 0121819736
|w (OCoLC)7927552
|
| 830 |
|
0 |
|a Methods in enzymology ;
|v volume 73.
|
| 856 |
4 |
0 |
|u https://www.sciencedirect.com/science/bookseries/00766879/73
|z Full Text via HEAL-Link
|